000 01196naa a22002897a 4500
001 BR8301895
003 BR-BrBNA
005 20250721143225.0
007 ta
008 250630b bl.|||m| |||| 00| 0 por d
040 _aBR-BrBNA
_bpor
_cBiblioteca Nacional de Agricultura
041 _a(Pt)
072 _aK20
_b/G514
090 _aK20 BR8301895
100 1 _aSuiter Filho, W.
111 1 _aSeminario: Reflorestamento no Nordeste Semi-Arido
_cPetrolina, PE (Brazil)
_d24 Nov 1981
245 1 _aA atual politica florestal para o nordeste [Brasil]
246 1 _a[The present forest policy for the Northeast [Brazil]]
246 1 _a[Seminar: Reforestation in the Semi-Arid Northeast]
_bEMBRAPA/IBDF
500 _aSeminario: Reflorestamento no Nordeste Semi-Arido Petrolina, PE (Brasil): 1982. p. 33-35 (BR8301895-AMS)
773 0 _tSeminario: Reflorestamento no Nordeste Semi-Arido
_b
_wK20 BR8301895
_gPetrolina, PE (Brasil), 1982. p. 33-35
650 _aPOLITICA FLORESTAL
650 _aREGIAO NORDESTE
490 _aDocumentos - Centro de Pesquisa Agropecuaria do Tropico Semi-Arido (Brazil)
_vno. 18
_xISSN 0100-9729
942 _cAMS
_2AGRIS
909 _a202506
_bLúcia
_c55
_dLúcia Elande
999 _c334493
_d334493